Normal view
MARC view
Entry Personal Name
001 - CONTROL NUMBER
- control field: 556423
003 - CONTROL NUMBER IDENTIFIER
- control field: OSt
005 - DATE AND TIME OF LATEST TRANSACTION
- control field: 20220930094836.0
008 - FIXED-LENGTH DATA ELEMENTS
- fixed length control field: 220930|| aca||aabn | a|a d
040 ## - CATALOGING SOURCE
- Original cataloging agency: OSt
- Transcribing agency: OSt
100 ## - HEADING--PERSONAL NAME
- Personal name: डॉ. ओमनाथ बिमली, गा
670 ## - SOURCE DATA FOUND
- Source citation: Work cat.: (OSt)887761: सिंह, प्रमोद कुमार, प्रमेयकमलमार्त्तण्ड में प्रमाण-मीमांसा, 2014
